|
|
|
|
| LEADER |
00000nab a2200000 a 4500 |
| 001 |
vtls000099145 |
| 003 |
SK-MaSNL |
| 005 |
20260304051051.0 |
| 008 |
250422c1981 xo 0 slo |
| 015 |
|
|
|a SNBRB19rr/mm-uuuuu
|
| 035 |
|
|
|a CL0109248
|
| 035 |
|
|
|a urn:nbn:sk:snk-abdkyq
|
| 035 |
|
|
|a (urnnbn)urn:nbn:sk:snk:ar-a0abzs
|
| 035 |
|
|
|a (uuid)6e5aabd7-75a8-478e-9ac9-a65b212c2911
|
| 040 |
|
|
|a SNKBUCL
|b slo
|c SNKBUCL
|e AACR2
|
| 041 |
0 |
|
|a slo
|
| 044 |
|
|
|a xo
|c SK
|
| 080 |
|
|
|a 621.31
|2 1981
|
| 100 |
1 |
|
|a Kováč, Juraj
|4 aut
|9 331966
|
| 245 |
1 |
0 |
|a Vplyv rázových prepätí na životnosť vn káblov s izoláciou z PE
|c Juraj Kováč
|
| 300 |
|
|
|b Obr. 3. Tb. 4.
|
| 650 |
0 |
7 |
|a káble silnoprúdové
|2 snkbucl
|9 950932
|
| 655 |
|
7 |
|a články z novín a časopisov
|2 snkbucl
|9 267496
|
| 773 |
0 |
|
|t Elektroizolačná a káblová technika - Ekt
|g Roč. 34, č. 3 (1981), s. 114-121
|
| 850 |
|
|
|a Slovenská národná knižnica
|
| 852 |
|
|
|a Slovenská národná knižnica
|
| 954 |
|
|
|a odborná, vedecká literatúra pôvodná (slovenská)
|2 lita
|
| 958 |
|
|
|a article19
|
| 958 |
|
|
|a OND
|
| 958 |
|
|
|a RK
|
| 958 |
|
|
|a EUIPO
|
| 992 |
|
|
|a RBX
|
| 999 |
|
|
|c 2701716
|d 2703646
|